| 000 | 01877nas a2200277Ia 4500 | ||
|---|---|---|---|
| 001 | R235-R2411 | ||
| 003 | IT-CnALBA | ||
| 008 | 170116c99999999xx |||||||||||| ||und|| | ||
| 040 |
_aIT-CnALBA _cIT-CnALBA |
||
| 041 | _aITALIANO | ||
| 100 | _aCAVALLARO EMMA | ||
| 210 | _aMADRE DI DIO | ||
| 222 | _aMADRE DI DIO | ||
| 245 | 0 | _aMADRE DI DIO. N. XII. ANNO LVI DICEMBRE 1988 MENSILE MARIANO | |
| 250 | _a1a ed. | ||
| 260 |
_aCINISELLO BALSAMO (MI) _bEDIZIONI PAOLINE _c1988 |
||
| 300 | _a30 p. | ||
| 310 | _aMENSILE | ||
| 362 | _aFascicolo: 12 / Anno: 56 (1988) | ||
| 500 | _aRISPOSTE DEI PICCOLI SUL RAPPORTO CON MARIA. FRETTA DI DIO E PIGRIZIA DEGLI UOMINI, APPARIZIONI MARIANE. IMMACOLATA VERITÀ MATURATA DOPO UN LUNGO TRAVAGLIO NELLA STORIA DELLA CHIESA OCCIDENTALE. RUOLO MARGINALE DI S. GIUSEPPE NELLA STORIA DELLA SALVEZZA. FATTI E PERSONE, NUOVO MIRACOLO A LOURDES. MARIA SORELLA NOSTRA DI FAUSTINO OSSANNA. DIGNITÀ DELLA DONNA. S. GIOVANNI DAMASCENO E MARIA. GAMBERO L. MARCUCCI D. UGENTI A. PAGINA DEI PICCOLI. MADRE SPERANZA E L'AMORE MISERICORDIOSO. RISSO P. RUBEN M. S. MICHELE SENTINELLA DEL GARGANO. | ||
| 501 | _aSocietà San Paolo EM - Piazza San Paolo, 14 - 12051 ALBA (CN) (non commercial uses only) ® Copyright 2017 | ||
| 520 | _aRISPOSTE DEI PICCOLI SUL RAPPORTO CON MARIA. FRETTA DI DIO E PIGRIZIA DEGLI UOMINI, APPARIZIONI MARIANE. IMMACOLATA VERITÀ MATURATA DOPO UN LUNGO TRAVAGLIO NELLA STORIA DELLA CHIESA OCCIDENTALE. RUOLO MARGINALE DI S. GIUSEPPE NELLA STORIA DELLA SALVEZZA. FATTI E PERSONE, NUOVO MIRACOLO A LOURDES. MARIA SORELLA NOSTRA DI FAUSTINO OSSANNA. DIGNITÀ DELLA DONNA. S. GIOVANNI DAMASCENO E MARIA. GAMBERO L. MARCUCCI D. UGENTI A. PAGINA DEI PICCOLI. MADRE SPERANZA E L'AMORE MISERICORDIOSO. RISSO P. RUBEN M. S. MICHELE SENTINELLA DEL GARGANO. | ||
| 650 | _aANGELI SANTI DEMONI | ||
| 942 | _cCR | ||
| 957 | _71 | ||
| 999 |
_a12389 _bNO _g1 _c320486 _d320486 |
||